000 00518nam a2200193Ia 4500
003 OSt
005 20200214145956.0
008 190216s9999||||xx |||||||||||||| ||und||
020 _a8172047320
040 _coclc
082 _a297
_bADI/N
100 _aAdiyar
_91981
245 0 _aNhan Snehikkunna Islam /
_cAdiyar
250 _a9th ed.
260 _bIslamic Publishing House,
_c2001.
_aKozhikode:
300 _a72p
650 _aIslamic History
942 _cBK
_2ddc
_h297
_iADI/N
_k297
_mADI/N
999 _c22483
_d22483